Odrastené dieťa vo vlastnej kolíske dnes sa v kanadských mestách Quebec a Halifax začnú 72. majstrovstvá sveta v hokeji

Bibliographic Details
Format: Article
Language:Slovak
PhysicalDescription:Fotogr., tab.
ISSN:0139-7001
Subjects:

MARC

LEADER 00000nab a2200000 ar4500
001 vtls009292623
003 SK-MaSNL
005 20260303052717.0
008 080507c20080502xo wr|p|||||||000 b|slo
015 |a SNBRB2008/06  |2 snkbucl 
038 |a SNKBUCL 
040 |a SNKBUCL  |b slo  |c SNKBUCL  |e AACR2 
041 0 |a slo 
044 |a xo  |c SK 
080 |a 796.966.093.1  |x (100)  |2 2001 
245 0 0 |a Odrastené dieťa vo vlastnej kolíske  |b dnes sa v kanadských mestách Quebec a Halifax začnú 72. majstrovstvá sveta v hokeji 
300 |b Fotogr., tab. 
611 2 7 |a Majstrovstvá sveta v ľadovom hokeji  |d (2008 :  |c Kanada)  |2 snkbucl  |9 113924 
650 0 7 |a ľadový hokej  |2 snkbucl  |9 3231 
773 0 |t Šport  |g Roč. 62, č. 102 (2.5.2008), s. 3  |x 0139-7001 
852 |a SNK  |b KIS3GCP 
999 |c 1716334  |d 1718264